[Event "CRO-chT1B 32nd"]
[Site "Veli Losinj"]
[Date "2024.10.08"]
[Round "4.5"]
[White "Mocic, Ivano"]
[Black "Martic, Zlatko"]
[Result "1/2-1/2"]
[WhiteElo "2016"]
[BlackElo "2253"]
[PlyCount "40"]
[EventDate "2024.10.05"]
[EventType "team-tourn"]
[EventRounds "9"]
[EventCountry "CRO"]
[SourceTitle "CB47_2024"]
[SourceDate "2024.11.20"]
[SourceVersion "1"]
[SourceVersionDate "2024.11.20"]
[SourceQuality "1"]
[WhiteTeam "Sibenik"]
[BlackTeam "Slavonski Brod Djakovic"]
[WhiteTeamCountry "CRO"]
[BlackTeamCountry "CRO"]

1. d4 d5 2. c4 c6 3. Nf3 Nf6 4. e3 e6 5. Nbd2 Be7 6. Bd3 0-0 7. 0-0 b6 8. Re1 Bb7 9. e4 dxe4 10. Nxe4 Nxe4 11. Bxe4 Nd7 12. b3 Nf6 13. Bc2 Bb4 14. Bd2 Bxd2 15. Qxd2 c5 16. Bd1 Qd6 17. dxc5 Qxd2 18. Nxd2 Rfd8 19. Nf3 Bxf3 20. Bxf3 bxc5 1/2-1/2

[Event "Budapest FS11 IM"]
[Site "Budapest"]
[Date "2021.11.07"]
[Round "2"]
[White "Graif, William"]
[Black "Martic, Zlatko"]
[Result "0-1"]
[WhiteElo "2216"]
[BlackElo "2286"]
[PlyCount "98"]
[EventDate "2021.11.06"]
[EventType "tourn"]
[EventRounds "11"]
[EventCountry "HUN"]
[EventCategory "1"]
[SourceTitle "CBM 205 Extra"]
[Source "ChessBase"]
[SourceDate "2022.01.31"]
[SourceVersion "1"]
[SourceVersionDate "2022.01.31"]
[SourceQuality "1"]

1. e4 c6 2. d4 d5 3. exd5 cxd5 4. Bd3 Nc6 5. c3 Qc7 6. Ne2 e6 7. Bf4 Bd6 8. Bxd6 Qxd6 9. 0-0 Nge7 10. Nd2 Bd7 11. f4 f6 12. Kh1 h5 13. b4 h4 14. Nb3 h3 15. g3 e5 16. b5 Nd8 17. fxe5 fxe5 18. dxe5 Qxe5 19. Qc2 Nf7 20. Rae1 Qd6 21. c4 dxc4 22. Bxc4 Ne5 23. Ned4 Rc8 24. Rxe5 Qxe5 25. Bf7+ Kd8 26. Qd3 Rh6 27. Na5 Rf6 28. Ne6+ Rxe6 29. Bxe6 Qxe6 30. Nxb7+ Kc7 31. Nc5 Qd5+ 32. Qxd5 Nxd5 33. Rf7 Nf6 34. Kg1 Kd6 35. Nxd7 Nxd7 36. Rxg7 Rc1+ 37. Kf2 Rc2+ 38. Kf3 Rxa2 39. g4 Rxh2 40. g5 Rb2 41. g6 h2 42. Rh7 Ne5+ 43. Ke4 Nxg6 44. Rh6 Kc5 45. Rh5+ Kc4 46. Ke3 Ne7 47. Ke4 Nd5 48. Rh4 Nc3+ 49. Ke3+ Kxb5 0-1

[Event "Solta op 4th"]
[Site "Grohote"]
[Date "2021.08.09"]
[Round "2"]
[White "Martic, Zlatko"]
[Black "Hagner, Bennet"]
[Result "1-0"]
[WhiteElo "2299"]
[BlackElo "2118"]
[PlyCount "99"]
[EventDate "2021.08.08"]
[EventType "swiss"]
[EventRounds "9"]
[EventCountry "CRO"]
[SourceTitle "CBM 203 Extra"]
[Source "ChessBase"]
[SourceDate "2021.09.30"]
[SourceVersion "1"]
[SourceVersionDate "2021.09.30"]
[SourceQuality "1"]

1. b3 e5 2. Bb2 Nc6 3. c4 Nf6 4. Nf3 e4 5. Ne5 Bc5 6. d4 Nxe5 7. dxe5 Ng4 8. e3 Qg5 9. Qc2 Qf5 10. Nc3 Bb4 11. h3 Bxc3+ 12. Bxc3 Nxe5 13. 0-0-0 d6 14. Rd4 Bd7 15. Rxe4 0-0-0 16. Rf4 Qe6 17. Be2 Kb8 18. Rd1 Bc6 19. g4 f6 20. Qf5 Qe7 21. Rfd4 Bd7 22. Qf4 Rhf8 23. R4d2 f5 24. Qg3 g5 25. gxf5 Rxf5 26. c5 Nf7 27. b4 Ba4 28. Bd3 Rd5 29. Bc4 Rxd2 30. Rxd2 dxc5 31. Rxd8+ Qxd8 32. Qf3 cxb4 33. Bf6 Qe8 34. Qd5 Nd6 35. Bxg5 Nxc4 36. Qxc4 Qc6 37. Qxc6 Bxc6 38. Kb2 a5 39. Kb3 b5 40. Be7 Bd5+ 41. Kb2 Kb7 42. f4 Be4 43. h4 h5 44. Bc5 Kc6 45. Be7 Kd5 46. Bd8 Kd6 47. Bf6 c5 48. Bg7 Kd5 49. Bf8 Kc4 50. Be7 1-0

[Event "Krk Golden Island op"]
[Site "Malinska"]
[Date "2020.11.08"]
[Round "5"]
[White "Vojak, Daniel"]
[Black "Martic, Zlatko"]
[Result "1/2-1/2"]
[WhiteElo "2236"]
[BlackElo "2298"]
[PlyCount "118"]
[EventDate "2020.11.05"]
[EventType "swiss"]
[EventRounds "5"]
[EventCountry "CRO"]
[SourceTitle "CBM 199 Extra"]
[Source "ChessBase"]
[SourceDate "2021.01.31"]
[SourceVersion "1"]
[SourceVersionDate "2021.01.31"]
[SourceQuality "1"]

1. Nf3 Nf6 2. c4 g6 3. b4 Bg7 4. Bb2 0-0 5. g3 d5 6. cxd5 Nxd5 7. Bxg7 Kxg7 8. Qb3 Qd6 9. a3 Qf6 10. d4 Be6 11. Nbd2 a5 12. b5 Nd7 13. Ne4 Qf5 14. Neg5 N5b6 15. Nxe6+ fxe6 16. Bg2 a4 17. Qb4 Nd5 18. Qd2 N7f6 19. Nh4 Qh5 20. 0-0 g5 21. Nf3 Ne4 22. Qd3 Nd6 23. e4 Nb6 24. Rac1 Rac8 25. Rc5 h6 26. Rfc1 Qf7 27. Qe2 Ne8 28. Ne5 Qf6 29. Qe3 Rd8 30. R1c2 Kg8 31. Bh3 Kg7 32. Bg4 Kg8 33. Kg2 Kh7 34. Bh5 Nd7 35. Bxe8 Rfxe8 36. Ng4 Qg7 37. Rxc7 h5 38. Ne5 Nxe5 39. dxe5 g4 40. Rxb7 Rd1 41. Rcc7 Qf7 42. Ra7 Rb1 43. Rxa4 Rb2 44. Raa7 Kg6 45. Qf4 Qxf4 46. gxf4 Rf8 47. f5+ exf5 48. Rxe7 fxe4 49. Rg7+ Kf5 50. Rgf7+ Rxf7 51. Rxf7+ Kxe5 52. a4 h4 53. Rh7 Kf4 54. Rf7+ Kg5 55. Rg7+ Kf4 56. h3 g3 57. Rf7+ Ke5 58. Kf1 Rb1+ 59. Kg2 Rb2 1/2-1/2

[Event "Krk Golden Island op"]
[Site "Malinska"]
[Date "2020.11.07"]
[Round "4"]
[White "Martic, Zlatko"]
[Black "Berke, Ana"]
[Result "1/2-1/2"]
[WhiteElo "2298"]
[BlackElo "2166"]
[PlyCount "103"]
[EventDate "2020.11.05"]
[EventType "swiss"]
[EventRounds "5"]
[EventCountry "CRO"]
[SourceTitle "CBM 199 Extra"]
[Source "ChessBase"]
[SourceDate "2021.01.31"]
[SourceVersion "1"]
[SourceVersionDate "2021.01.31"]
[SourceQuality "1"]

1. d4 d5 2. c4 e6 3. Nc3 a6 4. cxd5 exd5 5. Nf3 c6 6. Bf4 Bd6 7. Bg3 Ne7 8. e3 0-0 9. Bd3 Bf5 10. Qc2 Bxd3 11. Qxd3 a5 12. Ng5 g6 13. Bxd6 Qxd6 14. 0-0-0 Nd7 15. Kb1 a4 16. e4 f6 17. Nf3 b5 18. exd5 Nxd5 19. Nxd5 Qxd5 20. h4 Rfe8 21. Rhe1 Nf8 22. Rc1 Rxe1 23. Rxe1 Rd8 24. Qe3 b4 25. Qe7 Rd6 26. Qa7 Qf5+ 27. Ka1 Qc2 28. Qb8 a3 29. Qxb4 Re6 30. bxa3 Rxe1+ 31. Qxe1 Kf7 32. Qd2 Qc4 33. Ne1 Ne6 34. Nc2 Qf1+ 35. Kb2 Qxg2 36. Qb4 Qd5 37. a4 c5 38. Qb3 Qd6 39. Qb7+ Nc7 40. a5 cxd4 41. Qb6 Qe5 42. Qxd4 Qxa5 43. Qd7+ Kg8 44. Qd8+ Kf7 45. Qd7+ Kg8 46. Qd4 Nd5 47. a3 h5 48. Nb4 Nxb4 49. axb4 Qb5 50. Kb3 Kf7 51. f4 g5 52. fxg5 1/2-1/2

[Event "Budapest FS11 IM"]
[Site "Budapest"]
[Date "2019.11.06"]
[Round "5"]
[White "Ongut, Tamas Gunes"]
[Black "Martic, Zlatko"]
[Result "1-0"]
[WhiteElo "2164"]
[BlackElo "2308"]
[PlyCount "95"]
[EventDate "2019.11.02"]
[EventType "tourn"]
[EventRounds "9"]
[EventCountry "HUN"]
[EventCategory "1"]
[SourceTitle "CBM 193 Extra"]
[Source "ChessBase"]
[SourceDate "2020.01.31"]
[SourceVersion "1"]
[SourceVersionDate "2020.01.31"]
[SourceQuality "1"]

1. e4 e6 2. d4 d5 3. Nc3 Nf6 4. e5 Nfd7 5. f4 c5 6. Nf3 Nc6 7. Be3 Be7 8. Qd2 0-0 9. h4 cxd4 10. Nxd4 Bxh4+ 11. g3 Nxd4 12. Bxd4 Bxg3+ 13. Kd1 f5 14. Rh3 Bxf4 15. Qxf4 a6 16. Bd3 Qe7 17. Qh2 g5 18. Kd2 Rf7 19. Rg1 Rg7 20. Kc1 Nf8 21. a3 g4 22. Rh5 Bd7 23. Kb1 Be8 24. Rh6 Ng6 25. Bxf5 exf5 26. Nxd5 Qd8 27. Nf6+ Kf7 28. e6+ Ke7 29. Rd1 Qxd4 30. Rxd4 Kxf6 31. e7 Rxe7 32. Rd6+ Re6 33. Rxe6+ Kxe6 34. Rxh7 Bc6 35. Qc7 Rf8 36. Rg7 Rf6 37. Qd8 Ke5 38. Qg8 Nf4 39. Qh8 Ke4 40. Qh1+ Ke5 41. Qe1+ Be4 42. Qc3+ Ke6 43. Qc8+ Ke5 44. Qb8+ Kd4 45. Qxf4 Rc6 46. Rd7+ Kc5 47. Qe3+ Kb5 48. Rxb7+ 1-0

[Event "CRO-chT1B 28th"]
[Site "Mali Losinj"]
[Date "2019.09.29"]
[Round "2.25"]
[White "Mihalincic, Tomislav"]
[Black "Martic, Zlatko"]
[Result "0-1"]
[WhiteElo "2241"]
[BlackElo "2283"]
[PlyCount "112"]
[EventDate "2019.09.28"]
[EventType "team-tourn"]
[EventRounds "9"]
[EventCountry "CRO"]
[SourceTitle "EXT 2020"]
[Source "ChessBase"]
[SourceDate "2019.10.17"]
[SourceVersion "1"]
[SourceVersionDate "2019.10.17"]
[SourceQuality "1"]
[WhiteTeam "Bjelovar"]
[BlackTeam "Slavonski Brod Dakovic"]
[WhiteTeamCountry "CRO"]
[BlackTeamCountry "CRO"]

1. e4 c5 2. Nf3 e6 3. d4 cxd4 4. Nxd4 Nc6 5. Nc3 Qc7 6. Be3 a6 7. a4 Nf6 8. Nxc6 bxc6 9. g3 Bb4 10. Bg2 d5 11. 0-0 0-0 12. Na2 Be7 13. f3 Rd8 14. Qe2 a5 15. Qf2 Rb8 16. b3 Ba6 17. Rfe1 dxe4 18. Rad1 Rxd1 19. Rxd1 exf3 20. Qxf3 c5 21. Qc6 Qxc6 22. Bxc6 c4 23. Nc1 cxb3 24. Nxb3 Rc8 25. Bb5 Bxb5 26. axb5 Nd5 27. Bf2 a4 28. Nd4 Nc3 29. Ra1 Bf6 30. Kf1 Rc4 31. Nc6 Nxb5 32. Rb1 Rxc6 33. Rxb5 h6 34. Ra5 Rc4 35. Ra8+ Kh7 36. Ke1 g5 37. Kd2 g4 38. Be1 Bb2 39. Kd3 Rd4+ 40. Ke3 Rd1 41. Bd2 a3 42. c4 Rf1 43. c5 Rf3+ 44. Ke2 Rb3 45. c6 Be5 46. Ra7 Rb6 47. Rxf7+ Kg6 48. Ra7 Rxc6 49. Rxa3 Rb6 50. Kd3 h5 51. Ke4 Bf6 52. Kd3 Rb1 53. Ke4 Rh1 54. Ra6 Rxh2 55. Bf4 e5 56. Bc1 Re2+ 0-1

[Event "Budapest Aranytiz IM"]
[Site "Budapest"]
[Date "2019.08.25"]
[Round "9"]
[White "Martic, Zlatko"]
[Black "Farago, Sandor"]
[Result "1-0"]
[WhiteElo "2284"]
[BlackElo "2211"]
[PlyCount "107"]
[EventDate "2019.08.16"]
[EventType "tourn"]
[EventRounds "9"]
[EventCountry "HUN"]
[EventCategory "1"]
[SourceTitle "EXT 2020"]
[Source "ChessBase"]
[SourceDate "2019.10.17"]
[SourceVersion "1"]
[SourceVersionDate "2019.10.17"]
[SourceQuality "1"]

1. b3 e5 2. Bb2 Nc6 3. e3 Nf6 4. Nf3 d6 5. Bb5 e4 6. Nd4 Bd7 7. d3 d5 8. Nd2 a6 9. Nxc6 bxc6 10. Ba4 exd3 11. cxd3 a5 12. 0-0 Be7 13. Rc1 Ra6 14. Nf3 c5 15. Bxd7+ Nxd7 16. Bxg7 Rg8 17. Bc3 Rag6 18. g3 Bd6 19. d4 c6 20. dxc5 Nxc5 21. Be5 Be7 22. Nd4 Qd7 23. Bf4 Ne4 24. Qh5 Bg5 25. Rc2 Rh6 26. Qf3 c5 27. Rfc1 Qh3 28. Qg2 Rgg6 29. Qxh3 Rxh3 30. Ne2 Rgh6 31. f3 Rxh2 32. fxe4 dxe4 33. Kf1 Rh1+ 34. Ng1 Bxf4 35. exf4 R6h3 36. Rg2 h5 37. Rxc5 h4 38. Rh5 f5 39. Rxh4 Rxh4 40. gxh4 Rxh4 41. Ne2 Kf7 42. Rg5 Kf6 43. Rg8 Rh1+ 44. Kf2 Ra1 45. a4 Rd1 46. Ra8 Rd3 47. Ra6+ Kg7 48. Rxa5 Rxb3 49. Rxf5 Ra3 50. a5 Kg6 51. Rb5 Kf6 52. Nd4 Rd3 53. Rd5 Ra3 54. Ke2 1-0

[Event "Budapest Aranytiz IM"]
[Site "Budapest"]
[Date "2019.08.19"]
[Round "4"]
[White "Maerevoet, Sim"]
[Black "Martic, Zlatko"]
[Result "1-0"]
[WhiteElo "2321"]
[BlackElo "2284"]
[PlyCount "79"]
[EventDate "2019.08.16"]
[EventType "tourn"]
[EventRounds "9"]
[EventCountry "HUN"]
[EventCategory "1"]
[SourceTitle "EXT 2020"]
[Source "ChessBase"]
[SourceDate "2019.10.17"]
[SourceVersion "1"]
[SourceVersionDate "2019.10.17"]
[SourceQuality "1"]

1. d4 Nf6 2. c4 e6 3. Nf3 Bb4+ 4. Nbd2 0-0 5. g3 b6 6. Bg2 Bb7 7. 0-0 a5 8. Qa4 Re8 9. a3 Bxd2 10. Bxd2 d6 11. Rad1 Nbd7 12. Rfe1 h6 13. Nh4 Bxg2 14. Kxg2 e5 15. d5 Nc5 16. Qc2 a4 17. e4 Qd7 18. f3 Nb3 19. Be3 Kh7 20. Nf5 Ng8 21. g4 g6 22. Ng3 Ne7 23. h3 f6 24. f4 Rf8 25. f5 g5 26. Rh1 Kg7 27. h4 Rh8 28. Rh3 Rag8 29. Rdh1 Qc8 30. Qf2 Qf8 31. Kf1 Kf7 32. Qh2 gxh4 33. Rxh4 Qa8 34. Rxh6 Rxh6 35. Qxh6 Ke8 36. Nh5 Qa6 37. Nxf6+ Kf7 38. Nxg8 Qxc4+ 39. Kg1 Nxg8 40. Qe6+ 1-0

[Event "Paracin Summer op-A 12th"]
[Site "Paracin"]
[Date "2019.07.11"]
[Round "8"]
[White "Lajthajm, Borko"]
[Black "Martic, Zlatko"]
[Result "0-1"]
[WhiteElo "2424"]
[BlackElo "2283"]
[PlyCount "64"]
[EventDate "2019.07.05"]
[EventType "swiss"]
[EventRounds "9"]
[EventCountry "SRB"]
[SourceTitle "CBM 191 Extra"]
[Source "ChessBase"]
[SourceDate "2019.09.30"]
[SourceVersion "1"]
[SourceVersionDate "2019.09.30"]
[SourceQuality "1"]

1. e4 c6 2. d4 d5 3. Nd2 dxe4 4. Nxe4 Nf6 5. Nxf6+ exf6 6. Bc4 Bd6 7. Ne2 0-0 8. Bf4 Bxf4 9. Nxf4 Re8+ 10. Ne2 Be6 11. Bd3 Na6 12. 0-0 Nb4 13. Re1 Nxd3 14. Qxd3 Qb6 15. a3 Rad8 16. b4 a5 17. c3 axb4 18. axb4 g6 19. Nf4 Bd5 20. Qg3 Ra8 21. Nh5 Rxe1+ 22. Rxe1 Qd8 23. h4 Kf8 24. Qf4 gxh5 25. Qh6+ Kg8 26. Re3 Qd6 27. f4 Kh8 28. Kh2 Rg8 29. g3 b5 30. Qxh5 Qf8 31. f5 Qa8 32. Qd1 Re8 0-1

[Event "Paracin Summer op-A 12th"]
[Site "Paracin"]
[Date "2019.07.09"]
[Round "5"]
[White "Peycheva, Gergana"]
[Black "Martic, Zlatko"]
[Result "1/2-1/2"]
[WhiteElo "2065"]
[BlackElo "2283"]
[PlyCount "54"]
[EventDate "2019.07.05"]
[EventType "swiss"]
[EventRounds "9"]
[EventCountry "SRB"]
[SourceTitle "CBM 191 Extra"]
[Source "ChessBase"]
[SourceDate "2019.09.30"]
[SourceVersion "1"]
[SourceVersionDate "2019.09.30"]
[SourceQuality "1"]

1. Nf3 Nf6 2. d4 c5 3. c4 g6 4. Nc3 Bg7 5. e4 cxd4 6. Nxd4 d6 7. Be2 0-0 8. Be3 Nc6 9. 0-0 Nxd4 10. Bxd4 Bd7 11. Qd2 Bc6 12. f3 a5 13. b3 Nd7 14. Be3 f5 15. exf5 gxf5 16. Rac1 Qe8 17. a3 Nc5 18. Bd1 Qf7 19. b4 axb4 20. axb4 Na4 21. Bxa4 Bxa4 22. Nd5 Bc6 23. Nb6 Ra3 24. b5 Be8 25. Rfe1 Kh8 26. Re2 Rg8 27. Kh1 Be5 1/2-1/2

[Event "Solta Amateur op"]
[Site "Grohote"]
[Date "2019.06.22"]
[Round "8"]
[White "Stocko, Josip"]
[Black "Martic, Zlatko"]
[Result "0-1"]
[WhiteElo "2319"]
[BlackElo "2272"]
[PlyCount "68"]
[EventDate "2019.06.15"]
[EventType "swiss"]
[EventRounds "9"]
[EventCountry "CRO"]
[SourceTitle "EXT 2020"]
[Source "ChessBase"]
[SourceDate "2019.10.17"]
[SourceVersion "1"]
[SourceVersionDate "2019.10.17"]
[SourceQuality "1"]

1. d4 Nf6 2. c4 c5 3. d5 b5 4. cxb5 a6 5. b6 Qxb6 6. Nc3 g6 7. Nf3 d6 8. e4 Bg4 9. Be2 Nbd7 10. 0-0 Bg7 11. Qc2 0-0 12. Bg5 Rab8 13. Rab1 e6 14. dxe6 fxe6 15. a3 Bxf3 16. Bxf3 Ne5 17. Be2 Nc6 18. Rfd1 Nd4 19. Qd3 a5 20. h3 Nd7 21. Bf1 Ne5 22. Qg3 Rf7 23. Be3 Nec6 24. Bc4 Rbf8 25. a4 Be5 26. Qg4 Kg7 27. Qh4 Bf4 28. Rf1 Ne5 29. Be2 Bxe3 30. fxe3 Nc2 31. Rxf7+ Rxf7 32. Qg3 c4 33. Nb5 Nxe3 34. Kh2 Rf2 0-1

[Event "Novi Sad TS IM 111th"]
[Site "Novi Sad"]
[Date "2019.04.25"]
[Round "8"]
[White "Martic, Zlatko"]
[Black "Aliyev, Ravan"]
[Result "1/2-1/2"]
[WhiteElo "2274"]
[BlackElo "2376"]
[PlyCount "121"]
[EventDate "2019.04.20"]
[EventType "tourn"]
[EventRounds "11"]
[EventCountry "SRB"]
[EventCategory "1"]
[SourceTitle "CBM 190 Extra"]
[Source "ChessBase"]
[SourceDate "2019.07.15"]
[SourceVersion "1"]
[SourceVersionDate "2019.07.15"]
[SourceQuality "1"]

1. d4 Nf6 2. c4 g6 3. Nc3 Bg7 4. e4 d6 5. Nf3 0-0 6. Be2 e5 7. 0-0 c6 8. dxe5 dxe5 9. h3 Qe7 10. Be3 Na6 11. Qc2 Nh5 12. Rad1 Nc5 13. Rd2 Nf4 14. Rfd1 Nxe2+ 15. Rxe2 Ne6 16. c5 Nf4 17. Red2 h5 18. Ne2 g5 19. Ng3 g4 20. hxg4 hxg4 21. Nh2 Qh4 22. Nhf1 Bf6 23. Nf5 Bxf5 24. exf5 Kg7 25. Bxf4 exf4 26. g3 Qh6 27. gxf4 Rh8 28. Qe4 Rae8 29. Qg2 Qxf4 30. Ng3 Rh4 31. Rd7 Reh8 32. Qe4 Qxe4 33. Nxe4 Rh1+ 34. Kg2 R8h2+ 35. Kg3 Be5+ 36. Kxg4 Rh4+ 37. Kf3 Rf4+ 38. Ke3 Rh3+ 39. Ng3 Rb4 40. b3 Bxg3 41. Rg1 Kf6 42. Rxg3 Rh1 43. Rg8 Re1+ 44. Kd2 Ra1 45. Rf8 Rxa2+ 46. Kc3 Rb5 47. Rfxf7+ Ke5 48. Rxb7 Rxc5+ 49. Kb4 Kd4 50. Rfd7+ Rd5 51. Rxd5+ cxd5 52. f6 Rxf2 53. f7 a6 54. Rd7 Rf5 55. Ka5 Kc3 56. Kxa6 d4 57. b4 d3 58. b5 d2 59. b6 Rxf7 60. Rxd2 Kxd2 61. b7 1/2-1/2

[Event "Novi Sad TS IM 111th"]
[Site "Novi Sad"]
[Date "2019.04.20"]
[Round "1"]
[White "Supancic, Darko"]
[Black "Martic, Zlatko"]
[Result "1/2-1/2"]
[WhiteElo "2294"]
[BlackElo "2274"]
[PlyCount "89"]
[EventDate "2019.04.20"]
[EventType "tourn"]
[EventRounds "11"]
[EventCountry "SRB"]
[EventCategory "1"]
[SourceTitle "CBM 190 Extra"]
[Source "ChessBase"]
[SourceDate "2019.07.15"]
[SourceVersion "1"]
[SourceVersionDate "2019.07.15"]
[SourceQuality "1"]

1. e4 e6 2. d4 d5 3. Nc3 Nf6 4. e5 Nfd7 5. f4 c5 6. Nf3 Nc6 7. Be3 Qb6 8. Na4 Qa5+ 9. Nc3 Qb6 10. Be2 cxd4 11. Nxd4 Bc5 12. Na4 Qa5+ 13. c3 Bxd4 14. Bxd4 Nxd4 15. b4 Qc7 16. cxd4 Nb6 17. Nxb6 Qc3+ 18. Kf2 axb6 19. a4 Qxb4 20. Rb1 Qc3 21. Rxb6 0-0 22. Rb3 Qa5 23. Bb5 b6 24. Qd3 Ba6 25. Bxa6 Rxa6 26. Ra1 Ra7 27. f5 Rc8 28. f6 Rac7 29. Ra2 Rc1 30. Qe3 Qa6 31. Qg5 Qf1+ 32. Kg3 R1c3+ 33. Rxc3 Rxc3+ 34. Kh4 Qe1+ 35. g3 Qe4+ 36. Kh3 Qg6 37. Qxg6 hxg6 38. Rb2 Rc4 39. Rxb6 gxf6 40. exf6 Rxa4 41. Kg4 Rxd4+ 42. Kg5 Rc4 43. Rb8+ Kh7 44. Rb7 Kg8 45. Rb8+ 1/2-1/2

[Event "EU-ch 20th"]
[Site "Skopje"]
[Date "2019.03.28"]
[Round "10"]
[White "Jackson, James P"]
[Black "Martic, Zlatko"]
[Result "1-0"]
[WhiteElo "2377"]
[BlackElo "2261"]
[PlyCount "89"]
[EventDate "2019.03.18"]
[EventType "swiss"]
[EventRounds "11"]
[EventCountry "MKD"]
[SourceTitle "CBM 189"]
[Source "ChessBase"]
[SourceDate "2019.04.29"]
[SourceVersion "1"]
[SourceVersionDate "2019.04.29"]
[SourceQuality "1"]

1. e4 c6 2. d4 d5 3. e5 c5 4. dxc5 e6 5. a3 Bxc5 6. b4 Bf8 7. Nf3 a5 8. b5 b6 9. Bd3 Nd7 10. 0-0 Qc7 11. Re1 Bb7 12. Bb2 Rc8 13. Nbd2 Nc5 14. a4 Ne7 15. Nd4 g6 16. N2f3 Bg7 17. h4 h5 18. Bc1 0-0 19. Bf4 Rfe8 20. Qd2 Ne4 21. Qc1 Qd7 22. Ra3 Nf5 23. g3 Bf8 24. Nxf5 exf5 25. Nd4 Bb4 26. Ra2 Bxe1 27. Qxe1 Nc5 28. Qd2 Ne6 29. Be3 Qe7 30. Nxe6 Qxe6 31. Bd4 Kh7 32. Kh2 Ba8 33. Ra1 Rb8 34. c3 Rec8 35. f3 Rc4 36. Rg1 Rxa4 37. g4 Rxd4 38. cxd4 hxg4 39. fxg4 fxg4 40. Rf1 Rg8 41. Rf6 Qe7 42. Qg5 Rg7 43. h5 Qa3 44. hxg6+ fxg6 45. Rxg6 1-0

[Event "EU-ch 20th"]
[Site "Skopje"]
[Date "2019.03.27"]
[Round "9"]
[White "Martic, Zlatko"]
[Black "Kanyamarala, Trisha"]
[Result "1-0"]
[WhiteElo "2261"]
[BlackElo "2061"]
[PlyCount "99"]
[EventDate "2019.03.18"]
[EventType "swiss"]
[EventRounds "11"]
[EventCountry "MKD"]
[SourceTitle "CBM 189"]
[Source "ChessBase"]
[SourceDate "2019.04.29"]
[SourceVersion "1"]
[SourceVersionDate "2019.04.29"]
[SourceQuality "1"]

1. d4 d5 2. c4 e6 3. Nc3 Bb4 4. e3 Nf6 5. Nf3 0-0 6. a3 Bxc3+ 7. bxc3 Nbd7 8. cxd5 exd5 9. c4 c6 10. Bd3 Re8 11. 0-0 Ne4 12. Qc2 Nf8 13. Rb1 Ng6 14. Nd2 Qe7 15. f3 Nf6 16. Re1 Nh5 17. Bb2 Qg5 18. Nf1 Nh4 19. Kh1 Ng6 20. Bc1 Qd8 21. Bd2 Nf6 22. Ng3 Rb8 23. Ne2 b6 24. Qa4 Qc7 25. Rbc1 Qb7 26. Rc2 Bd7 27. Qb3 Be6 28. cxd5 cxd5 29. Nc3 Ne7 30. Nb5 Nf5 31. Rc7 Qa6 32. Nd6 b5 33. Nxf5 Bxf5 34. Bxf5 Qd6 35. Rc5 a6 36. Rec1 g6 37. Rc6 Qd8 38. Bd3 Rb6 39. Rxb6 Qxb6 40. a4 Rb8 41. axb5 axb5 42. Rb1 h5 43. Qxb5 Qxb5 44. Rxb5 Ra8 45. Kg1 Ra2 46. Be1 g5 47. e4 Ra1 48. Kf1 dxe4 49. Rxg5+ Kf8 50. Bxe4 1-0